000
00255nam a2200109Ia 4500
008
190914s9999||||xx |||||||||||||| ||und||
100
_a
S.K. Mukhopadhyay
245
0
_a
Logistics Management
260
_a
India
_b
S.Chand
_c
1993
300
_a
794
942
_c
BK
999
_c
9912
_d
9912